Echocardiographic parameters in dogs treated with acepromazine and fentanyl (Registro n. 327965)
[ somente texto ]
| 000 -LÍDER | |
|---|---|
| fixed length control field | 04276nab a2200349 i 4500 |
| 003 - CÓDIGO MARC DA AGÊNCIA CATALOGADORA | |
| Campo de controle | BR-BrBNA |
| 005 - DATA E HORA DA ÚLTIMA ATUALIZAÇÃO | |
| Campo de controle | 20241007111025.0 |
| 008 - CAMPO DE TAMANHO FIXO | |
| fixed length control field | 241007b2018 bl.|r|pooa||| 00| 0 eng | |
| 040 ## - FONTE DA CATALOGAÇÃO | |
| Agência catalogadora | BR-BrBNA |
| Idioma da catalogação | eng |
| 072 ## - CATEGORIA AGRIS | |
| Código AGRIS | L70 |
| Código do objeto | 5400 |
| 100 ## - ENTRADA PRINCIPAL - NOME PESSOAL | |
| Nome pessoal | Santos, E.A. |
| 100 ## - ENTRADA PRINCIPAL - NOME PESSOAL | |
| Nome pessoal | Aptekmann, K.P. |
| 100 ## - ENTRADA PRINCIPAL - NOME PESSOAL | |
| Nome pessoal | Santos, P.O.P.R. |
| 100 ## - ENTRADA PRINCIPAL - NOME PESSOAL | |
| Nome pessoal | Reis, A.C. |
| 100 ## - ENTRADA PRINCIPAL - NOME PESSOAL | |
| Nome pessoal | Kuster, M.C.C. |
| 100 ## - ENTRADA PRINCIPAL - NOME PESSOAL | |
| Nome pessoal | Andrade Junior, P.S.C. |
| 245 ## - TÍTULO PRINCIPAL | |
| Título principal | Echocardiographic parameters in dogs treated with acepromazine and fentanyl |
| 500 ## - NOTA GERAL | |
| Nota geral | Publicação online; 16 ref.; 5 tables; Summaries (En, Pt) |
| 942 ## - ADDED ENTRY ELEMENTS (KOHA) | |
| Koha item type | Analítica |
| 520 ## - NOTA DE RESUMO | |
| Nota de conteúdo | <br/><br/>ABSTRACT - Considering that the use of tranquillizers could optimize the performance of the echocardiogram, this study aimed to evaluate the effect of protocols with acepromazine and fentanyl on the echocardiographic parameters of healthy dogs, besides their effect in systolic blood pressure (SBP), respiratory rate (RR), heart rate (HR), time spent for examination and sedation scale. Ten adult dogs were submitted to different tranquilizing protocols 20 minutes before the echocardiographic examination, totalling five treatments for each pair, performed at seven-day intervals between evaluations. The treatments were CT (control treatment), IAT (intramuscular acepromazine), OAT (oral acepromazine), FT (fentanyl) and AFT (acepromazine associated with fentanyl). In addition to the echocardiographic evaluation, SBP, degree of reassurance, duration of the exam, HR and RR in the different protocols were evaluated. There was a significant decrease of SBP in OAT. There was a significant reduction in left ventricular diameter during systole and diastole and mitral annular movement in IAT, OAT and AFT, compared with CT. There was a decrease in tricuspid annular plane systolic excursion and increase in mitral E/mitral A ratio in IAT and OAT when compared with CT. All the tranquillizer protocols studied were found to significantly reduce HR, that facilitated the echocardiographic examination.<br/><br/><br/>Keywords: echocardiography, phenothiazine, opioid |
| 520 ## - NOTA DE RESUMO | |
| Nota de conteúdo | <br/><br/>RESUMO - Considerando que o uso de tranquilizantes poderia otimizar a realização do ecocardiograma, objetivouse com este estudo avaliar o efeito da tranquilização com acepromazina e fentanil sobre os parâmetros ecocardiográficos em cães saudáveis, bem como o efeito na pressão arterial sistólica (PAS), na frequência respiratória (FR), na frequência cardíaca (FC), no tempo gasto para a realização do exame e na escala de sedação. Dez cães adultos foram submetidos a diferentes protocolos tranquilizantes, 20 minutos antes da avaliação ecocardiográfica, totalizando cinco tratamentos para cada dupla, realizados com intervalos de sete dias entre as avaliações. Os tratamentos foram: TC (tratamento controle), TAI (acepromazina intramuscular), TAO (acepromazina oral), TF (fentanil) e TAF (acepromazina associada ao fentanil). Além dos parâmetros ecocardiográficos, foram avaliados a PAS, o grau de tranquilização, o tempo de duração do exame e a FC e a FR nos diferentes protocolos. Houve diminuição significativa da PAS no TAO. Observou-se redução significativa do diâmetro do ventrículo esquerdo em sístole e diástole e do movimento anular de mitral nos protocolos TAI, TAO e TAF, comparados com o TC. Observou-se também uma redução da excursão sistólica do plano anular tricúspide e aumento da relação mitral E/mitral A nos protocolos TAI e TAO quando comparados ao TC. Todos os protocolos de tranquilização reduziram significativamente a FC, o que facilitou a realização do exame.<br/><br/><br/>Palavras-chave: ecocardiograma, fenotiazínico, opioide |
| 650 ## - ASSUNTO - THESAGRO | |
| Cabeçalho tópico ou nome geográfico | CÃO |
| 650 ## - ASSUNTO - THESAGRO | |
| Cabeçalho tópico ou nome geográfico | APARELHO CIRCULATÓRIO |
| 650 ## - ASSUNTO - THESAGRO | |
| Cabeçalho tópico ou nome geográfico | ANATOMIA ANIMAL |
| 650 ## - ASSUNTO - THESAGRO | |
| Cabeçalho tópico ou nome geográfico | CORAÇÃO |
| 650 ## - ASSUNTO - THESAGRO | |
| Cabeçalho tópico ou nome geográfico | ECOCARDIOGRAMA |
| 650 ## - ASSUNTO - THESAGRO | |
| Cabeçalho tópico ou nome geográfico | MEDICAMENTO |
| 650 ## - ASSUNTO - THESAGRO | |
| Cabeçalho tópico ou nome geográfico | VETERINÁRIA |
| 773 0# - ENTRADA ANALÍTICA | |
| Host Biblionumber | 1643 |
| Registro do item | 344976 |
| Imprenta | Belo Horizonte-MG Universidade Federal de Minas Gerais - Escola de Veterinaria 1983 |
| Outro identificador | 2024-5389 |
| Título | Arquivo Brasileiro de Medicina Veterinária e Zootecnia (Brazil) |
| ISSN | 0102-0935 |
| Colação | v. 70(6) p. 1767-1774; (2018) |
| Número de controle de registro | BR2024002801 |
| 856 ## - ACESSO E ENDEREÇO ELETRÔNICO | |
| Identificador uniforme de recurso - URI | https://www.scielo.br/j/abmvz/a/pZjhGKynggZ6MKQ3rJQyjmK/?format=pdf&lang=en |
Nenhum exemplar disponível.

BINAGRI